The Cat In The Hat - All Words - Statistics

General Stats
  • This quiz has been taken 91 times
  • The average score is 41 of 234
Answer Stats
Word % Correct
cat
100%
the
97%
I
96%
hat
90%
in
90%
a
86%
do
62%
on
59%
no
56%
fish
54%
two
54%
we
54%
one
52%
thing
52%
to
51%
that
48%
you
46%
me
45%
Sally
45%
he
44%
there
42%
and
41%
go
41%
all
39%
be
39%
it
39%
is
38%
not
38%
so
38%
this
37%
what
37%
was
35%
why
34%
her
32%
when
32%
day
31%
mother
31%
for
30%
play
30%
she
30%
them
30%
too
30%
up
30%
at
28%
they
28%
about
27%
can
27%
if
27%
jump
27%
out
27%
us
27%
your
27%
have
25%
house
25%
how
25%
of
25%
will
25%
as
24%
ball
24%
did
24%
bow
23%
fun
23%
know
23%
like
23%
my
23%
who
23%
are
21%
could
21%
down
21%
him
21%
our
21%
sat
21%
sun
21%
make
20%
should
20%
their
20%
then
20%
wet
20%
but
18%
had
18%
look
18%
said
18%
say
18%
were
18%
with
18%
bad
17%
here
17%
sit
17%
some
17%
went
17%
yes
17%
bump
15%
cake
15%
cup
15%
his
15%
lit
15%
now
15%
would
15%
away
14%
cold
14%
get
14%
good
14%
little
14%
mat
14%
mess
14%
rake
14%
red
14%
run
14%
bit
13%
fall
13%
let
13%
made
13%
man
13%
put
13%
take
13%
top
13%
wish
13%
big
11%
book
11%
call
11%
game
11%
got
11%
hand
11%
has
11%
lot
11%
see
11%
sunny
11%
tell
11%
those
11%
white
11%
bet
10%
box
10%
come
10%
from
10%
funny
10%
games
10%
into
10%
milk
10%
nothing
10%
oh
10%
ran
10%
saw
10%
shine
10%
something
10%
these
10%
want
10%
after
8%
back
8%
dish
8%
hall
8%
head
8%
hear
8%
new
8%
stand
8%
tall
8%
trick
8%
books
7%
looked
7%
lots
7%
mind
7%
net
7%
sad
7%
show
7%
tricks
7%
wall
7%
any
6%
came
6%
fear
6%
give
6%
hop
6%
kite
6%
pat
6%
step
6%
string
6%
things
6%
think
6%
yet
6%
asked
4%
bed
4%
gone
4%
high
4%
hold
4%
pot
4%
rid
4%
ship
4%
thump
4%
toy
4%
way
4%
fan
3%
fast
3%
gave
3%
hands
3%
hook
3%
jumps
3%
pink
3%
shake
3%
shut
3%
stop
3%
tail
3%
well
3%
always
1%
bite
1%
dear
1%
dots
1%
fell
1%
find
1%
fly
1%
fox
1%
gown
1%
hops
1%
last
1%
mother's
1%
near
1%
pick
1%
strings
1%
tip
1%
another
0%
bent
0%
bumps
0%
deep
0%
kicks
0%
kind
0%
kinds
0%
kites
0%
pack
0%
picked
0%
playthings
0%
plop
0%
sank
0%
shame
0%
shook
0%
tame
0%
thumps
0%
wood
0%
No matching quizzes found
Score Distribution
Percent of People with Each Score
Percentile by Number Answered
Your Score History
You have not taken this quiz